Top 10 countries with the most GNI per capita - Statistics

General Stats
  • This quiz has been taken 40 times
  • The average score is 6 of 10
Answer Stats
rank GNI Country % Correct
9 $53,245.08 United States
97%
5 $67,614.35 Norway
73%
7 $56,363.96 Switzerland
70%
1 $129,076.58 Qatar
68%
6 $64,661.37 United Arab Emirates
68%
2 $114,445.17 Monaco
65%
3 $77,537.90 Singapore
59%
4 $76,075.21 Kuwait
51%
10 $50,641.31 Saudi Arabia
49%
8 $54,264.91 Hong Kong
14%
No matching quizzes found
Score Distribution
Percent of People with Each Score
Percentile by Number Answered
Your Score History
You have not taken this quiz